<?xml version="1.0" encoding="UTF-8"?>
<collection xmlns="http://www.loc.gov/MARC21/slim">
 <record>
  <leader>00829cam a2200169 7i4500</leader>
  <controlfield tag="001">0000136834</controlfield>
  <controlfield tag="005">20100905090000.0</controlfield>
  <controlfield tag="002">  0000001901</controlfield>
  <datafield tag="090" ind1="0" ind2="0">
   <subfield code="a">LP 48 FPE 2 2004 </subfield>
  </datafield>
  <datafield tag="100" ind1="1" ind2="#">
   <subfield code="a">Tan, Chen Choo </subfield>
  </datafield>
  <datafield tag="245" ind1="1" ind2="0">
   <subfield code="a">Laporan praktikum kaunseling di Pusat Serenti Persada Sungai Besi, Kuala Lumpur  </subfield>
   <subfield code="c">Tan Chen Choo.</subfield>
  </datafield>
  <datafield tag="260" ind1="#" ind2="#">
   <subfield code="a">Terengganu: </subfield>
   <subfield code="b">Kolej Universiti Sains dan Teknologi Malaysia, </subfield>
   <subfield code="c">2004.</subfield>
  </datafield>
  <datafield tag="300" ind1=" " ind2=" ">
   <subfield code="a">78 p.: </subfield>
   <subfield code="b">col.ill.; </subfield>
   <subfield code="c">30 cm..</subfield>
  </datafield>
  <datafield tag="502" ind1="#" ind2="#">
   <subfield code="a">Laporan Praktikum FPE (Sarjana Muda Pengurusan - Kaunseling) 2004</subfield>
  </datafield>
  <datafield tag="520" ind1="3" ind2="#">
   <subfield code="a">PERSADA juga dikenali sebagai Pemulihan Rakan Sekelompok Amalan Daya Juang Abadi sejak tahun 1999 dengan modaliti pemulihan sukarela.  Namun PERSADA masih lagi menerima penghuni yang atas kes polis atau mahkamah</subfield>
  </datafield>
  <datafield tag="602" ind1="#" ind2="#">
   <subfield code="a">Latihan Industri FPE 2004</subfield>
  </datafield>
  <datafield tag="999" ind1=" " ind2=" ">
   <subfield code="a">1100032937</subfield>
   <subfield code="b">Book</subfield>
   <subfield code="c">Latihan Industri</subfield>
   <subfield code="e">BILIK ARKIB</subfield>
  </datafield>
 </record>
</collection>
